[Event "Schleswig Holstein-ch U16"]
[Site "Neumuenster"]
[Date "2011.04.29"]
[Round "7.2"]
[White "Birkhahn, Mattis"]
[Black "Lengler, Tim"]
[Result "1/2-1/2"]
[WhiteElo "1323"]
[BlackElo "1637"]
[PlyCount "45"]
[EventDate "2011.04.25"]
[EventType "tourn"]
[EventRounds "9"]
[EventCountry "GER"]
[SourceTitle "EXT 2022"]
[Source "ChessBase"]
[SourceDate "2021.10.06"]
[SourceVersion "1"]
[SourceVersionDate "2021.10.06"]
[SourceQuality "1"]

1. c4 c5 2. g3 Nf6 3. Bg2 Nc6 4. Nc3 g6 5. e3 Bg7 6. Nge2 d6 7. d4 cxd4 8. exd4 Bg4 9. 0-0 Qd7 10. b3 Bh3 11. Bb2 Bxg2 12. Kxg2 0-0 13. Re1 d5 14. Rb1 dxc4 15. bxc4 b6 16. c5 Nd5 17. Qb3 Nxc3 18. Bxc3 Nxd4 19. Nxd4 Bxd4 20. Bxd4 Qxd4 21. cxb6 axb6 22. Rxe7 Qd6 23. Rbe1 1/2-1/2

[Event "Schleswig Holstein-ch U16"]
[Site "Neumuenster"]
[Date "2011.04.27"]
[Round "4.5"]
[White "Powierski, Emil"]
[Black "Lengler, Tim"]
[Result "1-0"]
[WhiteElo "2000"]
[BlackElo "1637"]
[PlyCount "49"]
[EventDate "2011.04.25"]
[EventType "tourn"]
[EventRounds "9"]
[EventCountry "GER"]
[SourceTitle "EXT 2022"]
[Source "ChessBase"]
[SourceDate "2021.10.06"]
[SourceVersion "1"]
[SourceVersionDate "2021.10.06"]
[SourceQuality "1"]

1. e4 e5 2. Nf3 Nc6 3. Bb5 Nf6 4. 0-0 Bc5 5. Nxe5 Nxe5 6. d4 Bd6 7. dxe5 Bxe5 8. f4 Bd6 9. e5 Bc5+ 10. Kh1 Ng8 11. Nc3 Ne7 12. Ne4 Bb6 13. f5 h6 14. f6 g6 15. fxe7 Qxe7 16. Bc4 Qxe5 17. Bxf7+ Kd8 18. Qe1 d6 19. Bf4 Qg7 20. Qh4+ g5 21. Nxg5 hxg5 22. Bxg5+ Kd7 23. Qg4+ Kc6 24. Qe4+ Kc5 25. Qc4# 1-0

[Event "Schleswig Holstein-ch U16"]
[Site "Neumuenster"]
[Date "2011.04.26"]
[Round "2.4"]
[White "Funk, Moritz"]
[Black "Lengler, Tim"]
[Result "1-0"]
[WhiteElo "1653"]
[BlackElo "1637"]
[PlyCount "89"]
[EventDate "2011.04.25"]
[EventType "tourn"]
[EventRounds "9"]
[EventCountry "GER"]
[SourceTitle "EXT 2022"]
[Source "ChessBase"]
[SourceDate "2021.10.06"]
[SourceVersion "1"]
[SourceVersionDate "2021.10.06"]
[SourceQuality "1"]

1. e4 e5 2. Nc3 Nc6 3. f4 exf4 4. Nf3 Nge7 5. Bc4 Ng6 6. 0-0 d6 7. d4 Bg4 8. Ne2 Qe7 9. Nxf4 Nxf4 10. Bxf4 0-0-0 11. Qd3 g6 12. Ng5 f5 13. Be6+ Kb8 14. d5 Ne5 15. Bxe5 dxe5 16. Nf7 fxe4 17. Qxe4 Bxe6 18. dxe6 Qc5+ 19. Kh1 Rd4 20. Rad1 Rg8 21. Nxe5 Rxd1 22. Rxd1 Kc8 23. Rd5 Qf2 24. Nf3 Bc5 25. Rd1 Re8 26. Qd5 Bd6 27. c4 Qe3 28. Re1 Qb6 29. b3 Re7 30. Rd1 Qc5 31. Ng5 h6 32. Qxc5 Bxc5 33. Nf7 Re8 34. Re1 Bb4 35. Re2 h5 36. Ng5 c6 37. Nh3 Kc7 38. Nf4 Rf8 39. g3 Kd6 40. Nxg6 Rf1+ 41. Kg2 Re1 42. Rxe1 Bxe1 43. e7 Kd7 44. Kf3 Bd2 45. Ke4 1-0

[Event "Schleswig Holstein-ch U16"]
[Site "Neumuenster"]
[Date "2011.04.26"]
[Round "3.2"]
[White "Lengler, Tim"]
[Black "Kossinz, Alex"]
[Result "1/2-1/2"]
[WhiteElo "1637"]
[BlackElo "1667"]
[PlyCount "111"]
[EventDate "2011.04.25"]
[EventType "tourn"]
[EventRounds "9"]
[EventCountry "GER"]
[SourceTitle "EXT 2022"]
[Source "ChessBase"]
[SourceDate "2021.10.06"]
[SourceVersion "1"]
[SourceVersionDate "2021.10.06"]
[SourceQuality "1"]

1. e4 c5 2. Nf3 d6 3. d4 cxd4 4. Nxd4 Nf6 5. Nc3 a6 6. Be3 e5 7. Nb3 Be6 8. Nd5 Nbd7 9. f3 Nxd5 10. exd5 Bf5 11. Bd3 Bxd3 12. Qxd3 Be7 13. 0-0-0 Bg5 14. Bxg5 Qxg5+ 15. Qd2 Qf5 16. Rhf1 b6 17. Rde1 0-0 18. f4 Qh5 19. g3 Rac8 20. fxe5 Nxe5 21. Nd4 Nc4 22. Qf2 Qxd5 23. Nf5 Rfe8 24. Rxe8+ Rxe8 25. b3 Na3 26. Nxd6 Rf8 27. Qxb6 Nb5 28. Nxb5 axb5 29. Qe3 g6 30. Rd1 Qf5 31. Qd3 Qc5 32. Qd5 Qa3+ 33. Kb1 Ra8 34. b4 Qxb4+ 35. Qb3 Qc5 36. Rd5 Qg1+ 37. Kb2 Qxh2 38. Rxb5 Kg7 39. Qc3+ Kg8 40. Qe5 Qf2 41. Rb8+ Rxb8+ 42. Qxb8+ Kg7 43. Qe5+ Kg8 44. a4 Qb6+ 45. Ka3 Qb1 46. Qb2 Qe1 47. Qb8+ Kg7 48. Qb3 Qa1+ 49. Kb4 Qd4+ 50. c4 Qb6+ 51. Ka3 Qd6+ 52. Ka2 Kg8 53. Qe3 Qc6 54. Qf4 Qxa4+ 55. Kb2 Qb4+ 56. Kc2 1/2-1/2

[Event "Schleswig Holstein-ch U14 M"]
[Site "Neumuenster"]
[Date "2010.04.10"]
[Round "8"]
[White "Lengler, Tim"]
[Black "Schloesser, Simon"]
[Result "0-1"]
[WhiteElo "1413"]
[BlackElo "1638"]
[PlyCount "126"]
[EventDate "2010.04.05"]
[EventType "tourn"]
[EventRounds "9"]
[EventCountry "GER"]
[SourceTitle "EXT 2023"]
[Source "ChessBase"]
[SourceDate "2022.10.05"]
[SourceVersion "1"]
[SourceVersionDate "2022.10.05"]
[SourceQuality "1"]

1. e4 e6 2. d4 d5 3. e5 c5 4. c3 Qb6 5. Nf3 Nc6 6. Be2 f6 7. 0-0 Bd7 8. Re1 cxd4 9. cxd4 fxe5 10. dxe5 Bc5 11. Rf1 Nge7 12. Nc3 Nd4 13. Bd3 Nef5 14. Bxf5 Nxf5 15. Na4 Bxa4 16. Qxa4+ Qc6 17. Qxc6+ bxc6 18. Bg5 Rb8 19. b3 Nd4 20. Nxd4 Bxd4 21. Rac1 Kd7 22. Rfe1 Rhf8 23. Be3 Bxe3 24. Rxe3 Rbc8 25. Rg3 Rf7 26. Rh3 g6 27. Rhc3 Rf5 28. Rh3 h5 29. Re1 Rcf8 30. Re2 Kc7 31. Rc3 Kb6 32. b4 Rc8 33. Kf1 c5 34. bxc5+ Rxc5 35. Rb2+ Rb5 36. Rxb5+ Kxb5 37. Ra3 a5 38. Rb3+ Kc4 39. Ra3 Kb5 40. Rb3+ Ka4 41. Re3 g5 42. f3 Rf8 43. Rb3 d4 44. Rd3 Rd8 45. Ke2 Kb4 46. g3 Kc5 47. Kd2 Rf8 48. Ra3 Ra8 49. Kd3 a4 50. Ke4 Rd8 51. f4 gxf4 52. gxf4 h4 53. Rd3 Kc4 54. Rd1 d3 55. Rc1+ Kb4 56. f5 exf5+ 57. Kxf5 d2 58. Rd1 Kc3 59. e6 Kc2 60. e7 Re8 61. Rxd2+ Kxd2 62. Kf6 Kc2 63. Kf7 Rxe7+ 0-1

[Event "Schleswig Holstein-ch U14 M"]
[Site "Neumuenster"]
[Date "2010.04.09"]
[Round "7"]
[White "Lengler, Tim"]
[Black "Polert, Annika"]
[Result "0-1"]
[WhiteElo "1413"]
[BlackElo "1623"]
[PlyCount "52"]
[EventDate "2010.04.05"]
[EventType "tourn"]
[EventRounds "9"]
[EventCountry "GER"]
[SourceTitle "EXT 2023"]
[Source "ChessBase"]
[SourceDate "2022.10.05"]
[SourceVersion "1"]
[SourceVersionDate "2022.10.05"]
[SourceQuality "1"]

1. e4 e6 2. d4 d5 3. e5 c5 4. c3 Nc6 5. Nf3 Qb6 6. Be2 Bd7 7. 0-0 Nh6 8. Na3 a6 9. Nc2 Be7 10. Re1 Nf5 11. b3 cxd4 12. cxd4 Rc8 13. Bb2 Nb4 14. Rc1 Nxa2 15. Ra1 Qxb3 16. Qb1 Rxc2 17. Rxa2 0-0 18. Bd1 Rfc8 19. Bxc2 Rxc2 20. Rc1 Rxc1+ 21. Qxc1 Qxa2 22. h3 Qc4 23. Qd2 Bb5 24. Qe1 Bb4 25. Qa1 h6 26. Qd1 a5 0-1

[Event "Schleswig Holstein-ch U14 M"]
[Site "Neumuenster"]
[Date "2010.04.06"]
[Round "3"]
[White "Lengler, Tim"]
[Black "Pommerenke, Birger"]
[Result "1-0"]
[WhiteElo "1413"]
[BlackElo "1446"]
[PlyCount "93"]
[EventDate "2010.04.05"]
[EventType "tourn"]
[EventRounds "9"]
[EventCountry "GER"]
[SourceTitle "EXT 2023"]
[Source "ChessBase"]
[SourceDate "2022.10.05"]
[SourceVersion "1"]
[SourceVersionDate "2022.10.05"]
[SourceQuality "1"]

1. e4 c5 2. Nf3 d6 3. d4 cxd4 4. Nxd4 Nf6 5. Nc3 g6 6. Be3 Bg7 7. Qd2 Ng4 8. Bg5 h6 9. Bh4 Nc6 10. Nb3 Bd7 11. Nd5 g5 12. h3 Nf6 13. Nxf6+ Bxf6 14. Bg3 Bxb2 15. Rd1 Bg7 16. Bb5 a6 17. Bc4 Ne5 18. Bxe5 Bxe5 19. Qd5 Be6 20. Qxb7 Bc3+ 21. Nd2 Bxc4 22. Qc6+ Kf8 23. Qxc4 Qa5 24. Ke2 Qb5 25. Rb1 Qxc4+ 26. Nxc4 Kg7 27. Rb7 Rhe8 28. Ne3 e6 29. Rd1 Be5 30. Kf1 Rab8 31. Rdb1 Rxb7 32. Rxb7 Rc8 33. Rb6 Bf4 34. Ke2 a5 35. Rb5 a4 36. Rb4 Bxe3 37. Kxe3 Rc3+ 38. Kd2 Ra3 39. Rb2 Kf6 40. c3 d5 41. exd5 exd5 42. Kd3 Ke5 43. Re2+ Kd6 44. Kd4 f6 45. Rc2 f5 46. Rd2 Kc6 47. c4 1-0

[Event "Schleswig Holstein-ch U14 M"]
[Site "Neumuenster"]
[Date "2010.04.06"]
[Round "2"]
[White "Powierski, Emil"]
[Black "Lengler, Tim"]
[Result "1-0"]
[WhiteElo "1913"]
[BlackElo "1413"]
[PlyCount "95"]
[EventDate "2010.04.05"]
[EventType "tourn"]
[EventRounds "9"]
[EventCountry "GER"]
[SourceTitle "EXT 2023"]
[Source "ChessBase"]
[SourceDate "2022.10.05"]
[SourceVersion "1"]
[SourceVersionDate "2022.10.05"]
[SourceQuality "1"]

1. e4 c5 2. Nf3 d6 3. d4 cxd4 4. Nxd4 Nf6 5. Nc3 a6 6. Bg5 e5 7. Nf5 Be6 8. Qd2 Nc6 9. 0-0-0 Bxf5 10. exf5 Be7 11. Bxf6 Bxf6 12. Qxd6 Qxd6 13. Rxd6 Nd4 14. Nd5 Rc8 15. Nxf6+ gxf6 16. Bd3 Ke7 17. Rb6 Rc7 18. c3 Rd8 19. Rd1 Rdd7 20. Be4 Nc6 21. Bxc6 Rxd1+ 22. Kxd1 bxc6 23. Rxa6 Rb7 24. Kc2 Kd6 25. Ra8 Kd5 26. f3 Rd7 27. Rh8 e4 28. fxe4+ Kxe4 29. g4 Kf3 30. h3 Re7 31. Rxh7 c5 32. Kd3 Rb7 33. b3 Ra7 34. a4 Rb7 35. Kc4 Kf4 36. a5 Ra7 37. b4 cxb4 38. cxb4 Rb7 39. a6 Ra7 40. Kb5 Ra8 41. Rxf7 Kg5 42. a7 Kh4 43. Rh7+ Kg5 44. Kb6 Rb8+ 45. Ka6 Rxb4 46. Rh5+ Kf4 47. a8Q Ra4+ 48. Kb7 1-0

[Event "GER-chT WK U18 4th"]
[Site "Kiel"]
[Date "2008.06.01"]
[Round "5.3"]
[White "Lengler, Tim"]
[Black "Sieber, Martin1111"]
[Result "1-0"]
[WhiteElo "1063"]
[BlackElo "1307"]
[PlyCount "89"]
[EventDate "2008.05.31"]
[EventType "team-swiss"]
[EventRounds "7"]
[EventCountry "GER"]
[SourceTitle "EXT 2010"]
[Source "ChessBase"]
[SourceDate "2010.11.25"]
[SourceVersion "1"]
[SourceVersionDate "2010.11.25"]
[SourceQuality "1"]

1. e4 e6 2. d4 d5 3. exd5 exd5 4. Nf3 Nc6 5. Bd3 Bg4 6. Bf4 Nxd4 7. Nbd2 Bc5 8. h3 Qe7+ 9. Kf1 Bxf3 10. Nxf3 0-0-0 11. Qe1 Nxf3 12. gxf3 Qf6 13. Be5 Qxf3 14. Rg1 Qxh3+ 15. Rg2 Re8 16. Qc3 Bb6 17. Bxg7 Qh1+ 18. Rg1 Qf3 19. Qd2 Be3 20. Qe1 Re7 21. Bxh8 Qh3+ 22. Rg2 Bg5 23. Be2 f6 24. Bg4+ Qxg4 25. Rxg4 Rxe1+ 26. Rxe1 Kd7 27. Bxf6 Bxf6 28. Rxg8 Bxb2 29. Rb1 Bd4 30. Rxb7 h5 31. Rb4 Be5 32. Rh4 d4 33. Rxh5 Bf6 34. Rh7+ Kd6 35. Rg6 Ke5 36. Rxc7 Kf5 37. Rxf6+ Kxf6 38. Rxa7 Ke5 39. Ke2 Ke4 40. Ra4 Kd5 41. Kd3 Kc5 42. Rxd4 Kb5 43. Rc4 Kb6 44. Kd4 Kb5 45. Kd5 1-0

[Event "Schleswig Holstein-ch U12"]
[Site "Neumuenster"]
[Date "2008.03.26"]
[Round "2"]
[White "Lengler, Tim"]
[Black "Powierski, Emil"]
[Result "0-1"]
[WhiteElo "928"]
[BlackElo "1622"]
[PlyCount "104"]
[EventDate "2008.03.26"]
[EventType "swiss"]
[EventRounds "9"]
[EventCountry "GER"]
[SourceTitle "EXT 2009"]
[Source "ChessBase"]
[SourceDate "2008.11.26"]
[SourceVersion "1"]
[SourceVersionDate "2008.11.26"]
[SourceQuality "1"]

1. e4 c5 2. Nf3 d6 3. Bc4 Nf6 4. Nc3 a6 5. Ng5 e6 6. d3 b5 7. Bb3 g6 8. Bf4 Bg7 9. e5 Nh5 10. Qf3 d5 11. Be3 Qc7 12. g4 Bb7 13. Bxc5 Qxe5+ 14. Be3 Nf6 15. d4 Qc7 16. h4 b4 17. Na4 e5 18. dxe5 Qxe5 19. 0-0-0 0-0 20. Nb6 Ne4 21. Bd4 Nxg5 22. Bxe5 Nxf3 23. Bxg7 Kxg7 24. Nxa8 Bxa8 25. Bxd5 Bxd5 26. Rxd5 Nc6 27. Rh3 Nfe5 28. Rc5 Rd8 29. Re3 f6 30. g5 Rd4 31. Rh3 Rg4 32. gxf6+ Kxf6 33. h5 Rf4 34. hxg6 hxg6 35. Rh8 Kg7 36. Rc8 Rxf2 37. R8xc6 Nxc6 38. Rxc6 Rf6 39. Rxf6 Kxf6 40. Kd2 Ke5 41. Kd3 Kd5 42. b3 g5 43. Ke3 a5 44. Kd3 g4 45. Ke3 g3 46. Kf3 Kd4 47. Kxg3 Kc3 48. Kf3 Kxc2 49. Ke3 Kb2 50. Kd4 Kxa2 51. Kc5 Kxb3 52. Kb5 a4 0-1

[Event "GER North-chT U16"]
[Site "Magdeburg"]
[Date "2006.08.28"]
[Round "5.2"]
[White "Haniszewski, Patrick"]
[Black "Lengler, Tim"]
[Result "1-0"]
[WhiteElo "921"]
[BlackElo "973"]
[PlyCount "48"]
[EventDate "2006.08.26"]
[EventType "team"]
[EventRounds "7"]
[EventCountry "GER"]
[SourceTitle "EXT 2007"]
[Source "ChessBase"]
[SourceDate "2006.11.23"]
[SourceVersion "1"]
[SourceVersionDate "2006.11.23"]
[SourceQuality "1"]

1. e3 e5 2. d4 Nc6 3. c4 d6 4. Nc3 Nf6 5. Bd3 d5 6. Bd2 Bb4 7. Qb3 Qe7 8. a3 Na5 9. Qxb4 Nc6 10. Qxe7+ Nxe7 11. dxe5 Ng4 12. Nxd5 Nxe5 13. Nxc7+ Kf8 14. Nxa8 Nxd3+ 15. Ke2 Nxb2 16. Rc1 Nc6 17. Bc3 Na4 18. Nf3 Ke7 19. Nc7 Rd8 20. Rhd1 Nxc3+ 21. Rxc3 Bg4 22. Rxd8 Kxd8 23. Nd5 b6 24. h3 Bf5 1-0

[Event "Schleswig Holstein-ch U10"]
[Site "Neumuenster"]
[Date "2006.04.06"]
[Round "9"]
[White "Krause, Benedict"]
[Black "Lengler, Tim"]
[Result "1-0"]
[WhiteElo "776"]
[BlackElo "970"]
[PlyCount "68"]
[EventDate "2006.04.02"]
[EventType "swiss"]
[EventRounds "11"]
[EventCountry "GER"]
[SourceTitle "EXT 2007"]
[Source "ChessBase"]
[SourceDate "2006.11.23"]
[SourceVersion "1"]
[SourceVersionDate "2006.11.23"]
[SourceQuality "1"]

1. e4 e5 2. Nf3 Nc6 3. Bc4 Nf6 4. d3 d6 5. Nc3 Bg4 6. h3 Bh5 7. 0-0 Nd4 8. g4 Nxf3+ 9. Qxf3 Bg6 10. Bg5 h6 11. Bh4 Be7 12. Ne2 0-0 13. d4 Bxe4 14. Qg3 exd4 15. Nxd4 d5 16. Bd3 Bxd3 17. cxd3 c6 18. Rfe1 Bb4 19. Re2 Bd6 20. Qf3 Rc8 21. Bxf6 Qxf6 22. Qxf6 gxf6 23. Nf5 Bc5 24. d4 Bb4 25. a3 Ba5 26. Ne7+ Kh8 27. Nxc8 Rxc8 28. Re7 Bd8 29. Rxb7 Bb6 30. Rd1 Kg7 31. b4 Kf8 32. a4 Ra8 33. a5 Bd8 34. Re1 Be7 1-0

[Event "Schleswig Holstein-ch U10"]
[Site "Neumuenster"]
[Date "2005.03.24"]
[Round "9"]
[White "Lengler, Tim"]
[Black "Marx, Inge"]
[Result "1-0"]
[WhiteElo "799"]
[BlackElo "920"]
[PlyCount "65"]
[EventDate "2005.03.21"]
[EventType "swiss"]
[EventRounds "9"]
[EventCountry "GER"]
[SourceTitle "EXT 2007"]
[Source "ChessBase"]
[SourceDate "2006.11.23"]
[SourceVersion "1"]
[SourceVersionDate "2006.11.23"]
[SourceQuality "1"]

1. e4 e5 2. Nc3 Nf6 3. Nf3 d6 4. d4 exd4 5. Nxd4 Bd7 6. Bf4 Nc6 7. Nxc6 Bxc6 8. Nd5 Nxe4 9. Qd4 Bxd5 10. Qxd5 Nf6 11. Qd2 Be7 12. 0-0-0 Ne4 13. Qd4 Nf6 14. Bc4 Qd7 15. Rhe1 Nh5 16. Qd5 Qe6 17. Rxe6 fxe6 18. Qxh5+ g6 19. Qg4 0-0-0 20. Bxe6+ Kb8 21. Bg5 Bxg5+ 22. Qxg5 Rde8 23. Bf7 Ref8 24. Qf6 a6 25. Re1 Kc8 26. b4 d5 27. Kb2 Kb8 28. a4 Ka7 29. b5 Ka8 30. bxa6 bxa6 31. Bxd5+ Kb8 32. Qxa6 c6 33. Qxc6 1-0

[Event "Schleswig Holstein-ch U10"]
[Site "Neumuenster"]
[Date "2005.03.23"]
[Round "8"]
[White "Falke, Johannes"]
[Black "Lengler, Tim"]
[Result "0-1"]
[WhiteElo "890"]
[BlackElo "799"]
[PlyCount "76"]
[EventDate "2005.03.21"]
[EventType "swiss"]
[EventRounds "9"]
[EventCountry "GER"]
[SourceTitle "EXT 2007"]
[Source "ChessBase"]
[SourceDate "2006.11.23"]
[SourceVersion "1"]
[SourceVersionDate "2006.11.23"]
[SourceQuality "1"]

1. e4 e5 2. Nf3 Nc6 3. Bc4 Nf6 4. Nc3 Nxe4 5. Nxe4 d5 6. Bxd5 Qxd5 7. Nc3 Qd6 8. 0-0 Qg6 9. g3 Bg4 10. Re1 f6 11. Kg2 h5 12. Re3 0-0-0 13. Qe1 Bd6 14. d3 Rde8 15. h3 Bxf3+ 16. Rxf3 Nd4 17. Qd2 h4 18. Re3 hxg3 19. fxg3 Nf5 20. Re2 Qxg3+ 21. Kf1 Qxh3+ 22. Rg2 Bc5 23. Ne4 Ne3+ 24. Ke1 Nxg2+ 25. Kd1 Qf3+ 26. Qe2 Rh1+ 27. Kd2 Be3+ 28. Qxe3 Qxe3+ 29. Kc3 Qd4+ 30. Kd2 Qb4+ 31. c3 Qb6 32. Kc2 Ne3+ 33. Bxe3 Qxe3 34. Rxh1 f5 35. Nd2 g5 36. Nc4 Qf3 37. Rd1 Qe2+ 38. Kc1 g4 0-1